Suosituimmat poikien nimet 2023 - Statistics

Yleistilastot
  • Tätä visaa on pelattu 793 kertaa
  • Keskiarvotulos 27 / 50
Vastaustilastot
% Oikein
1. Leo
80%
5. Elias
75%
6. Onni
74%
8. Eeli
72%
42. Eemi
72%
3. Eino
70%
4. Oliver
70%
36. Eetu
67%
10. Leevi
67%
13. Joel
65%
21. Mikael
64%
2. Väinö
64%
17. Eemil
63%
27. Daniel
62%
40. Eelis
61%
38. Aapo
60%
30. Kasper
59%
44. Matias
59%
20. Nooa
59%
15. Vilho
59%
23. Viljami
59%
11. Noel
57%
48. Samuel
57%
26. Luka
56%
24. Niilo
56%
32. Aaron
54%
25. Lenni
53%
49. Luukas
52%
46. Rasmus
52%
28. Benjamin
51%
34. Jooa
51%
9. Toivo
51%
33. Viljo
51%
7. Emil
50%
29. Anton
48%
14. Aatos
47%
35. Julius
47%
39. Milo
46%
50. Iivo
44%
12. Hugo
43%
41. Lukas
43%
18. Oiva
43%
43. Leon
41%
37. Olavi
39%
16. Alvar
38%
19. Otso
38%
22. Aarni
36%
45. Urho
35%
47. Max
33%
31. Edvin
31%
Ehtoja vastaavia visoja ei löytynyt
Tulosjakauma
Jokaisen tuloksen saaneiden osuus
Persentiili vastausten määrän mukaan
Tuloshistoriasi
Et ole pelannut tätä visaa